№ 7 (355); Строительство нефтяных и газовых скважин на суше и на море

Bibliografski detalji
Parent link:Строительство нефтяных и газовых скважин на суше и на море: научно-технический журнал/ Всероссийский научно-исследовательский институт организации, управления и экономики нефтегазовой промышленности (ОАО ВНИИОЭНГ). № 7 (355).— , 1992-2017, 2020-
Sažetak:Режим доступа: по договору с организацией-держателем ресурса
Jezik:ruski
Izdano: 2022
Online pristup:https://elibrary.ru/contents.asp?id=48840168
Format: MixedMaterials Elektronički Knjiga
KOHA link:https://koha.lib.tpu.ru/cgi-bin/koha/opac-detail.pl?biblionumber=587624

MARC

LEADER 00000nam2a2200000 4500
001 587624
005 20231101131450.0
035 |a (RuTPU)RU\TPU\prd\290303 
035 |a RU\TPU\prd\290218 
090 |a 587624 
100 |a 20220809a19929999k y0rusy50 ca 
101 0 |a rus 
102 |a RU 
200 0 |a № 7 (355) 
210 |d 2022 
333 |a Режим доступа: по договору с организацией-держателем ресурса 
461 1 |0 (RuTPU)RU\TPU\prd\529  |t Строительство нефтяных и газовых скважин на суше и на море  |o научно-технический журнал  |f Всероссийский научно-исследовательский институт организации, управления и экономики нефтегазовой промышленности (ОАО ВНИИОЭНГ)  |v № 7 (355)  |d 1992-2017, 2020- 
801 2 |a RU  |b 63413507  |c 20220809  |g RCR 
856 4 0 |u https://elibrary.ru/contents.asp?id=48840168 
942 |c BK